1200 1571 1891 1098 1320 1449 1392 1728 1066 1252 1561 1039 1119 1615 1400 1778 1618 1498 1024 1969 1559 1390 1379 1704 1471 1057 1591 1915 1000 1741 1299 1000 1868 1426 1095 1236 1812 1606 1744 1636 1266 1247 1791 1567 1692 1191 1827 1909 1690 1586 1729 1439 1448 1732 1354 1406 1060 1477 1816 1642 1351 1498 1024 1873 1741 1498 1280 1010 1983 1920 1109 1957 1980 1021 1476 1302 1496 1005 1206 1234 1335 1416 1670 1343 1168 1989 1588 1447 1378 1363 1132 1682 1464 1149 1564 1617 1116 1514 1459 BCNSPRNW ULIB Ver.6.0+V

เปลี่ยนเป็นภาษาไทย

Change to English
 แสดงรายละเอียดบรรณานุกรม
  กลับหน้าหลัก

Brief Record : Get Marc (ISO 2709) : E-mail record : QR code < ปิดหน้าต่าง
LEADER : 00000nam 2200000uu 4500
001    13399112799
003     ULIB
008    110627s2552||||th 000 0 tha d
020    9789742467258
090    นว.^bด899จ 2552
100 0  เดวี่,พริตตี้
245 00 เจ้าชายจอมซ่าส์กับซินเดอเรลล่าสุดเซอร์/^cเดวี่,พริตตี้
250    พิมพ์ครั้งที่ 2
260    กรุงเทพฯ :^bเลิฟเบอร์รี่บุ๊ค,^c2552
300    178 หน้า
710 1  เลิฟเบอร์รี่บุ๊ค
945    ^p148^l0^i026479
995    ทศพร
999 ^a ใช้งานได้ทุกระบบ
รายการนี้ยังไม่มีแท็ก
คุณยังไม่ได้ล็อกอิน คุณสามารถมีกิจกรรมร่วมกับเว็บไซต์ได้ แต่ต้องล็อกอินก่อน ::
  ล็อกอิน

รายการสื่อสารสนเทศ

ลำดับที่ ประเภท เลขเรียก/บาร์โค้ด สถานที่ สถานะ
- ไม่พบข้อมูล -

BibComment


ยังไม่เคยถูกคอมเมนท์

คอมเมนท์ทรัพยากรรายการนี้
  คอมเมนท์: เจ้าชายจอมซ่าส์กั..


 Copyright 2026. Bcnsprnw @Library